<?xml version="1.0" encoding="UTF-8"?>
<record
    xmlns:xsi="http://www.w3.org/2001/XMLSchema-instance"
    xsi:schemaLocation="http://www.loc.gov/MARC21/slim http://www.loc.gov/standards/marcxml/schema/MARC21slim.xsd"
    xmlns="http://www.loc.gov/MARC21/slim">

  <leader>00535nam a2200181Ia 4500</leader>
  <controlfield tag="003">OSt</controlfield>
  <controlfield tag="005">20250811091116.0</controlfield>
  <controlfield tag="008">250729s2004    xx            000 0 und d</controlfield>
  <datafield tag="040" ind1=" " ind2=" ">
    <subfield code="c">AL</subfield>
  </datafield>
  <datafield tag="041" ind1=" " ind2=" ">
    <subfield code="a">eng</subfield>
  </datafield>
  <datafield tag="082" ind1=" " ind2=" ">
    <subfield code="a">370.15 DESS</subfield>
  </datafield>
  <datafield tag="100" ind1=" " ind2=" ">
    <subfield code="a">&#xC93;&#xCAC;&#xCB3;&#xCC7;&#xCB6; &#xC97;&#xC9F;&#xCCD;&#xC9F;&#xCBF; &#xC86;&#xCB0;&#xCCD;</subfield>
    <subfield code="9">221190</subfield>
  </datafield>
  <datafield tag="245" ind1=" " ind2=" ">
    <subfield code="a">&#xCAA;&#xCCD;&#xCB0;&#xCCC;&#xCA2; &#xCB6;&#xCBF;&#xC95;&#xCCD;&#xCB7;&#xCA3;  &#xCB9;&#xCBE;&#xC97;&#xCC2; &#xCB6;&#xCBF;&#xC95;&#xCCD;&#xCB7;&#xC95;&#xCA8; &#xC95;&#xCBE;&#xCB0;&#xCCD;&#xCAF;&#xC97;&#xCB3;&#xCC1; </subfield>
  </datafield>
  <datafield tag="260" ind1=" " ind2=" ">
    <subfield code="a">Gadaga</subfield>
    <subfield code="b">Vidya Nidhi Prakashana</subfield>
    <subfield code="c">2004</subfield>
  </datafield>
  <datafield tag="300" ind1=" " ind2=" ">
    <subfield code="a">200p</subfield>
  </datafield>
  <datafield tag="650" ind1=" " ind2=" ">
    <subfield code="a">Education </subfield>
    <subfield code="9">221191</subfield>
  </datafield>
  <datafield tag="942" ind1=" " ind2=" ">
    <subfield code="2">ddc</subfield>
    <subfield code="c">BED</subfield>
  </datafield>
  <datafield tag="999" ind1=" " ind2=" ">
    <subfield code="c">234896</subfield>
    <subfield code="d">234896</subfield>
  </datafield>
  <datafield tag="952" ind1=" " ind2=" ">
    <subfield code="0">0</subfield>
    <subfield code="1">0</subfield>
    <subfield code="4">0</subfield>
    <subfield code="7">0</subfield>
    <subfield code="8">BED</subfield>
    <subfield code="a">AL</subfield>
    <subfield code="b">AL</subfield>
    <subfield code="d">2025-07-29</subfield>
    <subfield code="e">Sita Book House</subfield>
    <subfield code="g">80.00</subfield>
    <subfield code="l">0</subfield>
    <subfield code="o">370.15 DESS</subfield>
    <subfield code="p">BED00215</subfield>
    <subfield code="r">2025-07-29 16:53:33</subfield>
    <subfield code="v">80.00</subfield>
    <subfield code="w">2025-07-29</subfield>
    <subfield code="y">BK</subfield>
  </datafield>
</record>
